000 00437nam a22001697a 4500
003 NUST - PNEC
005 20170116181019.0
008 150915b xxu||||| |||| 00| 0 eng d
020 _a-
040 _cLIBRARY
082 _a621.4022 GIE
100 _910521
_aGiet, W. H.
245 _aPrinciples of engineering heat transfer
_cWarren H. Giet
260 _cc.1957
650 _910524
_aEngineering heat transfer
_xME
942 _2ddc
_cBK
999 _c67328
_d67328